What God hath wrought in the life of Raymond T. Richey. (Record no. 13654)

000 -LEADER
fixed length control field 00590nam a2200193 a 4500
001 - CONTROL NUMBER
control field :::00011477$&:&@@
003 - CONTROL NUMBER IDENTIFIER
control field OkBaRHE
005 - DATE AND TIME OF LATEST TRANSACTION
control field 20181115144340.0
008 - FIXED-LENGTH DATA ELEMENTS--GENERAL INFORMATION
fixed length control field s1925 j 000 0 eng u
040 ## - CATALOGING SOURCE
Transcribing agency
100 1# - MAIN ENTRY--PERSONAL NAME
Personal name Richey, Eloise May.
245 10 - TITLE STATEMENT
Title What God hath wrought in the life of Raymond T. Richey.
260 ## - PUBLICATION, DISTRIBUTION, ETC. (IMPRINT)
Place of publication, distribution, etc Houston, TX., :
Name of publisher, distributor, etc United Prayer And Workers League
Date of publication, distribution, etc c1925
300 ## - PHYSICAL DESCRIPTION
Extent 47 p. : illus. ;
Dimensions 20 cm.
650 ## - SUBJECT ADDED ENTRY--TOPICAL TERM
Topical term or geographic name as entry element Richey, Raymond Theodore, 1893-1968.
650 ## - SUBJECT ADDED ENTRY--TOPICAL TERM
Topical term or geographic name as entry element spiritual healing
9 (RLIN) 214
650 ## - SUBJECT ADDED ENTRY--TOPICAL TERM
Topical term or geographic name as entry element Evangelists
General subdivision Biography
9 (RLIN) 2090
942 ## - ADDED ENTRY ELEMENTS (KOHA)
Source of classification or shelving scheme
Koha item type Books
Copies
Current Location Source of classification or shelving scheme Not for loan Date last seen Damaged status Shelving location Koha item type Withdrawn status Copy number Full call number Barcode Permanent Location Lost status Price effective from Date acquired
RHEMA Bible Training College  2010-04-14 General StacksBooks 1BX 8762 .Z8 R5 192511477RHEMA Bible Training College 2010-04-142010-04-14
RHEMA Bible Training College  2010-04-14 General StacksBooks 2BX 8762 .Z8 R5 192519901RHEMA Bible Training College 2010-04-142010-04-14